000
00261nam a2200109Ia 4500
008
231129s2021 xx 000 0 und d
041
_a
eng
082
_a
658.4
100
_a
kazami
245
_a
Strategic Management
260
_a
M.C.Grawrill
_b
M.C.Grawrill
_c
2021
999
_c
942364
_d
942364